000
00306nam a2200109Ia 4500
008
220204s9999 xx 000 0 und d
082
_a
330.34:5
_b
LAV
245
0
_a
Scientific operation for development: Search for new directions
260
_a
New Delhi
_b
Vikas
_c
1980
700
_a
Lavakare, P J
942
_c
BK
999
_c
34874
_d
34874